LEADER 01329oam 2200445zu 450 001 996205078703316 005 20230601185122.0 010 $a1-4244-5604-5 035 $a(CKB)2560000000009620 035 $a(SSID)ssj0000453568 035 $a(PQKBManifestationID)12157872 035 $a(PQKBTitleCode)TC0000453568 035 $a(PQKBWorkID)10481831 035 $a(PQKB)11296774 035 $a(NjHacI)992560000000009620 035 $a(EXLCZ)992560000000009620 100 $a20160829d2009 uy 101 0 $aeng 135 $aur||||||||||| 181 $ctxt 182 $cc 183 $acr 200 10$a2009 8th Annual Workshop on Network and Systems Support for Games 210 31$a[Place of publication not identified]$cI E E E$d2009 215 $a1 online resource $cillustrations 300 $aBibliographic Level Mode of Issuance: Monograph 311 $a1-4244-5603-7 606 $aCommunication$vCongresses 606 $aComputer games$vCongresses 606 $aComputer networks 615 0$aCommunication 615 0$aComputer games 615 0$aComputer networks. 676 $a004.6 702 $aIEEE Staff 801 0$bPQKB 906 $aPROCEEDING 912 $a996205078703316 996 $a2009 8th Annual Workshop on Network and Systems Support for Games$92514436 997 $aUNISA LEADER 00871nam0-2200301 --450 001 9911023880203321 005 20260327103114.0 010 $a978-88-15-39241-1 100 $a20250911d2025----kmuy0itay5050 ba 101 0 $aita 102 $aIT 105 $a 001yy 200 1 $a<>invenzione degli Assassini$egenesi di una leggenda medievale$fLaura Minervini 210 $aBologna$cIl Mulino$d2025 215 $a222 p.$d22 cm 225 1 $aSaggi$v960 610 0 $aAssassini 676 $a297.822$v23$zita 700 1$aMinervini,$bLaura$0185363 801 0$aIT$bUNINA$gREICAT$2UNIMARC 901 $aBK 912 $a9911023880203321 952 $a297.0902 MINL 01$b2025/2696$fFLFBC 952 $aCollez. 75 (960)$b158/2026$fFSPBC 959 $aFLFBC 959 $aFSPBC 996 $aInvenzione degli Assassini$94431353 997 $aUNINA